00485 2200193 4500001002100000005001500021008004100036020001800077035001900095041000700114082001700121090001700138100002300155245003100178250001000209260002900219300002600248650001700274INLIS00000000002465020241224131748241224||||||||| | ||| |||| || |  a979-668-338-5 0010-1224024650 aAI0 a297.98 DYA i a297.98 DYA i0 aTim Pustaka Fathin00aIlmuwan muslim al-dinawari aCET.2 btim pusaka fatihinc2006 a24 hlm,; 21cm x29,5cm 0apembelajaran